En los albores de la democracia (Record no. 99370)
[ view plain ]
| 000 -LEADER | |
|---|---|
| campo de control de longitud fija | 00551nam a2200169 i 4500 |
| 001 - NÚMERO DE CONTROL | |
| campo de control | 99370 |
| 003 - IDENTIFICADOR DE NÚMERO DE CONTROL | |
| campo de control | ES-MaACL |
| 005 - FECHA Y HORA DE LA ÚLTIMA TRANSACCIÓN | |
| campo de control | 20250828063248.0 |
| 007 - CAMPO FIJO DE DESCRIPCIÓN FÍSICA--INFORMACIÓN GENERAL | |
| campo de control de longitud fija | t| |
| 008 - DATOS DE LONGITUD FIJA--INFORMACIÓN GENERAL | |
| campo de control de longitud fija | 050907s1979 sp ||||1| spa d |
| 100 1# - ENTRADA PRINCIPAL--NOMBRE DE PERSONA | |
| Nombre de persona | Martín-Retortillo Baquer, Lorenzo, |
| Fechas asociadas al nombre | 1936- |
| 9 (RLIN) | 77628 |
| 245 10 - MENCIÓN DEL TÍTULO | |
| Título | En los albores de la democracia |
| Resto del título | : (Pequeñas intervenciones en el Senado) / |
| Mención de responsabilidad, etc. | Lorenzo Martín-Retortillo Baquer. |
| 260 ## - PUBLICACIÓN, DISTRIBUCIÓN, ETC. | |
| Lugar de publicación, distribución, etc. | Zaragoza : |
| Nombre del editor, distribuidor, etc. | Guara, |
| Fecha de publicación, distribución, etc. | 1979. |
| 300 ## - DESCRIPCIÓN FÍSICA | |
| Extensión | 222 p. ; |
| Dimensiones | 20 cm. |
| 852 ## - LOCALIZACIÓN | |
| Ubicación | ES-MaACL |
| Número de control de estantería | A-10657 |
| Sublocalización o colección | R.99650 |
| Estatus retirado | Estado de pérdida | Estado de daño | No para préstamo | Biblioteca de origen | Biblioteca actual | Ubicación en estantería | Fecha de adquisición | Fuente de adquisición | Total de préstamos | Signatura topográfica completa | Código de barras | Visto por última vez | Precio de reemplazo | Tipo de ítem Koha |
|---|---|---|---|---|---|---|---|---|---|---|---|---|---|---|
| Biblioteca del Ateneo de Madrid | Biblioteca del Ateneo de Madrid | Depósito 1 | 17/01/2008 | A-10657 | 1103762 | 23/02/2023 | 23/02/2023 | Libro impreso |
